| 000 | 00527cam a22001457a 4500 | ||
|---|---|---|---|
| 008 | 180718b1974 xxu||||| |||| 00| 0 eng d | ||
| 082 | _aP9x54 In2 | ||
| 100 | _aIndia. Joint Committee on the National Library Bill | ||
| 245 |
_aReport of the Joint Committee on the National Library Bill, 1972 _cby Lok Sabha Secretariat |
||
| 260 |
_aNew Delhi _bLok Sabha Secretariat _c1974 |
||
| 300 | _a90p. | ||
| 500 | _aChairman: Amarnath Vidyalankar | ||
| 700 | _aIndia. Lok Sabha Secretariat | ||
| 700 | _aVidyalankar, Amarnath (Chairman) | ||
| 999 |
_c489556 _d489556 |
||